La enseñanza de la historia ayer y hoy: entre la continuidad y el cambio

Gardado en:
Detalles Bibliográficos
Autor Principal: Gómez, Alberto Luis (Author)
Formato: Libro
Idioma:Lingua castelá
Publicado: Sevilla Díada 2000
Series:Serie Fundamentos, 12. Colección Investigación y Enseñanza
Subjects:
Tags: Engadir etiqueta
Sen Etiquetas, Sexa o primeiro en etiquetar este rexistro!

MARC

LEADER 00000nam a2200000 a 4500
001 UCN7850
003 CL-VaPUC
008 011026e20000000SP |||||||||||||||||spa|d
082 0 4 |a 375.9  |b GOM  |2 21 
100 0 |a Gómez, Alberto Luis  |e author  |9 464017 
245 1 3 |a La enseñanza de la historia ayer y hoy: entre la continuidad y el cambio 
300 |a 192 p 
942 |c BK 
945 |d 20011026 00:00:00  |a cmena 
260 |a Sevilla  |b Díada  |c 2000 
650 7 |a HISTORIA - CURRICULO  |2 CL-VaPUC  |9 464018 
650 0 |a Planificación del currículo  |9 269599 
650 0 |a Enseñanza de la historia   |9 307330 
650 0 |a Métodos de enseñanza  |9 270413 
650 0 |a Innovaciones pedagógicas  |9 307471 
583 |a last modification  |c 20011026 00:00:00  |k Rodrigo Vera 
490 0 |a Serie Fundamentos, 12. Colección Investigación y Enseñanza 
999 |c 298043  |d 298041 
952 |0 0  |1 0  |4 0  |6 375_900000000000000_GOM_2000  |7 0  |8 A  |9 353372  |a BIBHIS  |b BIBHIS  |d 2019-11-21  |i 3765261  |o 375.9 GOM 2000  |p 3765261  |r 2025-01-20  |w 2019-11-21  |y BK  |k HIS